| Tag |
First Indicator |
Second Indicator |
Subfields |
| LEADER |
00000cam a2200000 4500 |
| 001 |
in00000031622 |
| 005 |
20151007061739.0 |
| 008 |
770909s1945 inua b 00010 eng c |
| 010 |
|
|
|a sg 45000180
|
| 035 |
|
|
|a (OCoLC)03254545
|
| 035 |
|
|
|9 AAD2940AM
|
| 040 |
|
|
|a U.S. Surg.-gen. off. Libr.
|c OCP
|d TXA
|d UtOrBLW
|
| 049 |
|
|
|a TXAM
|c [130819]
|
| 050 |
|
0 |
|a QP36
|b .W533
|
| 082 |
0 |
|
|a 613
|
| 092 |
|
|
|a 613
|b W747
|
| 100 |
1 |
|
|a Wilson, Charles Christopher,
|d 1895-
|
| 245 |
1 |
0 |
|a Life and health /
|c by Charles C. Wilson ... John L. Bracken ... [and] John C. Almack ...
|
| 264 |
|
1 |
|a Indianapolis,
|a New York :
|b The Bobbs-Merrill company,
|c [1945]
|
| 300 |
|
|
|a x, 547 pages including illustrations, tables, diagram ;
|c 24 cm.
|
| 336 |
|
|
|a text
|b txt
|2 rdacontent
|
| 337 |
|
|
|a unmediated
|b n
|2 rdamedia
|
| 338 |
|
|
|a volume
|b nc
|2 rdacarrier
|
| 504 |
|
|
|a "Suggested readings." at end of each chapter.
|
| 504 |
|
|
|a "Suggested visual aids": pages 527-530.
|
| 650 |
|
0 |
|a Hygiene.
|
| 650 |
|
0 |
|a Physiology.
|
| 700 |
1 |
|
|a Braken, John Lewis,
|d 1891-
|
| 700 |
1 |
|
|a Almack, John Conrad,
|d 1883-
|
| 999 |
|
|
|a MARS
|
| 999 |
f |
f |
|s 8b7f4fb1-da80-3ac7-aeff-087fee39c110
|i 06e9708f-9b55-3cd4-aa97-f88320c3e24b
|t 0
|
| 952 |
f |
f |
|p ric
|a Texas A&M University
|b Rellis Campus
|c Joint Library Facility
|d Remote Storage
|t 0
|e QP36 .W533
|h Library of Congress classification
|i unmediated -- volume
|m A14801028723
|
| 998 |
f |
f |
|a QP36 .W533
|t 0
|l Remote Storage
|